000 00725nam a22002172 4500
001 0000005785
005 20151217152006.0
008 070717s xx 000 0 eng d
020 _a0805461949 :
_cKES 490
040 _aKABU
_cKABU
050 0 _aBT732.7
_b.L83
100 1 _aLucas, James R.
_@0000157005
245 1 0 _aWalking through the fire :
_bfinding the purpose of pain in the Christian life.
260 _aNashville, Tennessee :
_bBroadman & Holman,
_c1996.
300 _ax, 214 p.
650 0 _aPain
_xReligious aspects
_xChristianity.
_@0000149391
650 0 _aPunishment
_xReligious aspects
_xChristianity.
_@0000157006
908 _a070717
950 _@1
999 _c7073
_d7073